000
00286nam a22001217a 4500
082
_a
621.38889 SWA'I
100
_a
WOERD, J. VAN DER,SWALUW, H. L
_9
80409
245
_a
INTRODUCTION TO TV SERVICING
250
_a
2ND
260
_a
ENGLAND
_b
PHILIP
_c
1963
300
_a
272P
942
_c
BK
999
_c
585351
_d
585351